Adrian Mole Book Titles - Statistics

General Stats
  • This quiz has been taken 12 times
  • The average score is 5 of 8
Answer Stats
Hint Answer % Correct
2009 Adrian Mole: The Prostrate Years
82%
1982 The Secret Diary of Adrian Mole, Aged 13¾
82%
2004 Adrian Mole and the Weapons of Mass Destruction
73%
1999 Adrian Mole: The Cappuccino Years
73%
1993 Adrian Mole: The Wilderness Years
73%
1984 The Growing Pains of Adrian Mole
55%
1989 The True Confessions of Adrian Albert Mole
55%
2008 The Lost Diaries of Adrian Mole, 1999-2001
36%
No matching quizzes found
Score Distribution
Percent of People with Each Score
Percentile by Number Answered
Your Score History
You have not taken this quiz